00566nam a2200169 a 450000100100000000500170001000800410002702000180006804000250008608200150011110000270012624500750015326000580022830000200028650000630030650400270036900004681820201002053134.0180402s2015 dr 000 0 spa d a9789945084672 aDO-SdBNPbspacBNPHU axxxxbxxxx1 aValdez, Manuel,d1965-10aComo escribir un libro :balgunas recomendaciones... /cManuel Valdez. aSanto Domingo :bAsociación Ministerial MBC,c2015. a93 p. ;c22 cm. aIncluye datos biográficos del autor en la contracubierta aBibliografía : p. 93